[Event "Hatay op 10th"]
[Site "Hatay"]
[Date "2018.09.07"]
[Round "6"]
[White "Civi, Anil"]
[Black "Agaslan, Mehmet Kadir"]
[Result "1-0"]
[WhiteElo "1360"]
[BlackElo "1409"]
[PlyCount "65"]
[EventDate "2018.09.02"]
[EventType "swiss"]
[EventRounds "9"]
[EventCountry "TUR"]
[SourceTitle "CBM 186 Extra"]
[Source "ChessBase"]
[SourceDate "2018.08.24"]
[SourceVersion "1"]
[SourceVersionDate "2018.08.24"]
[SourceQuality "1"]

1. c4 Nf6 2. Nc3 d6 3. g3 g6 4. Bg2 Bg7 5. e3 e5 6. Nge2 c6 7. d4 0-0 8. 0-0 Re8 9. Qc2 Na6 10. Rd1 Qc7 11. a3 Bg4 12. b4 exd4 13. exd4 Qd7 14. Bb2 Re7 15. f3 Bf5 16. Qb3 Rae8 17. Nf4 g5 18. Nd3 Re3 19. Nf2 g4 20. fxg4 Nxg4 21. Nxg4 Bxg4 22. Rd2 Qe6 23. Rf1 Re1 24. Ne4 Re2 25. Qc2 Rxg2+ 26. Rxg2 Bh3 27. Nf2 Bxg2 28. Kxg2 Qe2 29. Qc1 Re3 30. Kg1 Rb3 31. Re1 Qxb2 32. Re8+ Bf8 33. Qg5+ 1-0